| 000 | 00496nam a2200205Ia 4500 | ||
|---|---|---|---|
| 008 | 210210b1921 xxu||||| |||| 00| 0 eng d | ||
| 041 | _aeng | ||
| 082 | _a545 MOLL | ||
| 100 | _aMOLDENHAUER (Wilhelm) | ||
| 245 | _aLaboratory exercises in applied chemistry | ||
| 260 |
_aLondon _bConstatble & Co Ltd. _c1921 |
||
| 300 | _axii,236 | ||
| 650 | _aLaboratory | ||
| 650 | _ain | ||
| 650 | _aexercises | ||
| 650 | _achemistry | ||
| 650 | _aapplied | ||
| 690 | _aChemistry | ||
| 906 | _a009932 | ||
| 999 |
_c140625 _d140625 |
||